[Event "28. Abierto Ciudad de Sevilla"]
[Site "Sevilla ESP"]
[Date "2003.01.18"]
[Round "9"]
[White "Lalic, Bogdan"]
[Black "Valdes, Leonardo"]
[Result "1-0"]
[WhiteElo "2547"]
[BlackElo "2407"]
[PlyCount "97"]
[EventDate "2003.01.18"]
[EventType "swiss"]
[EventRounds "9"]
[EventCountry "ESP"]
[Source "lmi"]
[SourceDate "2003.01.10"]

1. Nf3 Nf6 2. c4 g6 3. Nc3 Bg7 4. e4 d6 5. d4 O-O 6. Be2 e5 7. Be3 exd4 8. Nxd4
Re8 9. f3 Nc6 10. Qd2 Nh5 11. O-O Nf4 12. Rfd1 Nxe2+ 13. Ndxe2 Be6 14. b3 a6
15. Rac1 Rb8 16. Nd5 Ne5 17. Bg5 f6 18. Be3 Nf7 19. Nef4 b6 20. Nxe6 Rxe6 21.
b4 c6 22. Nf4 Re8 23. a4 Qc8 24. b5 axb5 25. cxb5 c5 26. Nd5 f5 27. exf5 Qxf5
28. Qc2 Qc8 29. Bf2 Qb7 30. Qa2 Kf8 31. Re1 Re5 32. Rxe5 Bxe5 33. f4 Bg7 34.
Re1 Re8 35. Rxe8+ Kxe8 36. Qe2+ Kf8 37. Qe6 Bb2 38. Bh4 c4 39. Kf2 Qa8 40. Be7+
Kg7 41. f5 Bd4+ 42. Ke2 Qxa4 43. f6+ Kh6 44. Qh3+ Kg5 45. Qg3+ Kf5 46. Qf4+ Ke6
47. Qe4+ Ne5 48. Nf4+ Kf7 49. Qd5+ 1-0

[Event "28. Abierto Ciudad de Sevilla"]
[Site "Sevilla ESP"]
[Date "2003.01.18"]
[Round "9"]
[White "Campora Perez, Daniel"]
[Black "Mellado Triviño, Juan"]
[Result "1/2-1/2"]
[WhiteElo "2505"]
[BlackElo "1922"]
[PlyCount "71"]
[EventDate "2003.01.18"]
[EventType "swiss"]
[EventRounds "9"]
[EventCountry "ESP"]
[Source "lmi"]
[SourceDate "2003.01.10"]

1. e4 e5 2. Nf3 Nf6 3. Nxe5 d6 4. Nf3 Nxe4 5. Qe2 Qe7 6. d3 Nf6 7. Nc3 Bg4 8.
Be3 Nc6 9. h3 Bxf3 10. gxf3 d5 11. d4 O-O-O 12. a3 g6 13. O-O-O Bg7 14. Qb5 a6
15. Qa4 Na7 16. Qb3 Qd6 17. Kb1 Nc6 18. Na4 Na5 19. Qc3 Nc4 20. Bc1 Qc6 21. b3
Ne8 22. bxc4 Qxa4 23. c5 Bf6 24. Qb4 Qxb4+ 25. axb4 Ng7 26. c3 Nf5 27. Bd3 Nh4
28. f4 Rhe8 29. Kc2 c6 30. Be3 Re7 31. Rhg1 Rde8 32. Rg3 Nf5 33. Bxf5+ gxf5 34.
Rdg1 Kd7 35. Kd3 Rc8 36. Rg8 1/2-1/2

[Event "28. Abierto Ciudad de Sevilla"]
[Site "Sevilla ESP"]
[Date "2003.01.18"]
[Round "9"]
[White "Ivanov, Jordan"]
[Black "Li, Wenliang"]
[Result "1/2-1/2"]
[WhiteElo "2446"]
[BlackElo "2497"]
[PlyCount "125"]
[EventDate "2003.01.18"]
[EventType "swiss"]
[EventRounds "9"]
[EventCountry "ESP"]
[Source "lmi"]
[SourceDate "2003.01.10"]

1. Nf3 Nf6 2. c4 b6 3. g3 c5 4. Bg2 Bb7 5. O-O e6 6. Nc3 d6 7. b3 Nbd7 8. Bb2
a6 9. e3 Be7 10. d4 cxd4 11. exd4 d5 12. Ne5 O-O 13. cxd5 exd5 14. Rc1 Rc8 15.
Qd3 b5 16. Qf5 Nb6 17. Ne2 Ne4 18. Nf4 g6 19. Qg4 Bf6 20. h4 Bg7 21. h5 Qd6 22.
hxg6 hxg6 23. Nfd3 Rxc1 24. Rxc1 Rc8 25. Rxc8+ Bxc8 26. Qf4 Qf6 27. Qc1 Qd8 28.
Ba3 Bf5 29. g4 Bxe5 30. dxe5 Bxg4 31. f3 Ng3 32. Nf4 Bf5 33. Bc5 Nd7 34. Bf2
Qh4 35. Qe1 Qxf4 36. Bxg3 Qd4+ 37. Kh2 Qb2 38. Qa5 Nxe5 39. Qd8+ Kg7 40. Qxd5
f6 41. b4 Be6 42. Bxe5 Qxe5+ 43. Qxe5 fxe5 44. a3 Kf6 45. Kg3 Kg5 46. Bf1 Bc8
47. Bg2 Bf5 48. Bh1 Kf6 49. Kf2 Bh3 50. Kg3 Bc8 51. Bg2 Ke7 52. Kf2 Kd6 53. Ke3
g5 54. Bf1 Bf5 55. Be2 Kd5 56. Bf1 Kd6 57. Be2 Bc8 58. Bd3 g4 59. fxg4 Bxg4 60.
Be4 Bd7 61. Bb7 Kc7 62. Bxa6 Kb6 63. Bxb5 1/2-1/2

[Event "28. Abierto Ciudad de Sevilla"]
[Site "Sevilla ESP"]
[Date "2003.01.18"]
[Round "9"]
[White "Xu, Yuan"]
[Black "Mirzoev, Azer"]
[Result "0-1"]
[WhiteElo "2325"]
[BlackElo "2533"]
[PlyCount "82"]
[EventDate "2003.01.18"]
[EventType "swiss"]
[EventRounds "9"]
[EventCountry "ESP"]
[Source "lmi"]
[SourceDate "2003.01.10"]

1. d4 d5 2. c4 e6 3. Nc3 Nf6 4. Bg5 Be7 5. e3 O-O 6. Nf3 h6 7. Bh4 Nbd7 8. Rc1
c6 9. a3 a6 10. Qc2 Nh5 11. Bxe7 Qxe7 12. Bd3 Nhf6 13. O-O dxc4 14. Bxc4 c5 15.
dxc5 Nxc5 16. Ba2 b6 17. b4 Ncd7 18. Na4 Bb7 19. Qc7 Bd5 20. Bb1 Rfb8 21. Ne5
Qe8 22. Nxd7 Nxd7 23. Qd6 b5 24. Nc3 Bc4 25. Rfd1 Nb6 26. Be4 Ra7 27. Bc6 Qf8
28. Ne4 Qxd6 29. Rxd6 Kf8 30. Nc5 Ke7 31. Rd2 a5 32. h3 axb4 33. axb4 Rc8 34.
Bf3 Ra3 35. Rcd1 Rc7 36. e4 Raa7 37. Rd8 Na4 38. Nxa4 bxa4 39. e5 a3 40. Kh2 a2
41. Ra1 Kxd8 0-1

[Event "28. Abierto Ciudad de Sevilla"]
[Site "Sevilla ESP"]
[Date "2003.01.18"]
[Round "9"]
[White "Rizouk, Aimen"]
[Black "Barrero Garcia, Carlos"]
[Result "1-0"]
[WhiteElo "2519"]
[BlackElo "2325"]
[PlyCount "73"]
[EventDate "2003.01.18"]
[EventType "swiss"]
[EventRounds "9"]
[EventCountry "ESP"]
[Source "lmi"]
[SourceDate "2003.01.10"]

1. e4 e6 2. d4 d5 3. Nd2 Nf6 4. e5 Nfd7 5. Bd3 c5 6. c3 Nc6 7. Ne2 Qb6 8. Nf3
cxd4 9. cxd4 f6 10. exf6 Nxf6 11. O-O Bd6 12. Nc3 O-O 13. Be3 Bd7 14. Rc1 Rae8
15. Ne5 Qxb2 16. Nxd7 Nxd7 17. Nb5 Bf4 18. Rb1 Qxa2 19. Bxf4 Rxf4 20. Bxh7+
Kxh7 21. Qh5+ Kg8 22. Qxe8+ Nf8 23. Qc8 Rf7 24. Nd6 Rf6 25. Rxb7 Nxd4 26. Rxg7+
Kxg7 27. Ne8+ Kf7 28. Nxf6 Ne2+ 29. Kh1 Qc4 30. Qe8+ Kxf6 31. Qxf8+ Kg6 32. Qf3
d4 33. Qe4+ Kf6 34. Rd1 a5 35. f4 Qb5 36. Rd2 d3 37. Qxd3 1-0

[Event "28. Abierto Ciudad de Sevilla"]
[Site "Sevilla ESP"]
[Date "2003.01.18"]
[Round "9"]
[White "Cheparinov, Ivan"]
[Black "Koster, Willem S"]
[Result "1-0"]
[WhiteElo "2478"]
[BlackElo "2281"]
[PlyCount "99"]
[EventDate "2003.01.18"]
[EventType "swiss"]
[EventRounds "9"]
[EventCountry "ESP"]
[Source "lmi"]
[SourceDate "2003.01.10"]

1. e4 e5 2. Nf3 Nc6 3. Bb5 a6 4. Ba4 Nf6 5. O-O Nxe4 6. d4 b5 7. Bb3 d5 8. dxe5
Be6 9. Nbd2 Nc5 10. c3 Be7 11. Bc2 Bg4 12. Re1 Qd7 13. Nf1 Rd8 14. h3 Bh5 15.
g4 Bg6 16. Ng3 Ne6 17. Bf5 d4 18. h4 dxc3 19. Qxd7+ Rxd7 20. bxc3 h5 21. Ng5
Bxg5 22. hxg5 hxg4 23. Bxg4 Rh4 24. Bf3 Rc4 25. Re3 Nxg5 26. Be2 Rh4 27. a4
bxa4 28. Bxa6 Nh3+ 29. Kf1 Rd1+ 30. Ke2 Bc2 31. Kf3 Rd5 32. Ba3 Nxe5+ 33. Kg2
f6 34. Ne2 Nf4+ 35. Nxf4 Rxf4 36. Be2 Kf7 37. Rh1 Rd2 38. Rh8 Ng6 39. Rc8 Rd7
40. Bh5 Re4 41. Rf8+ Ke6 42. Bg4+ Kd5 43. Bxd7 Rxe3 44. fxe3 Nxf8 45. Bxf8 g6
46. Bb5 Bb3 47. Kf3 f5 48. Kf4 c5 49. Be8 Kc4 50. Bxg6 1-0

[Event "28. Abierto Ciudad de Sevilla"]
[Site "Sevilla ESP"]
[Date "2003.01.18"]
[Round "9"]
[White "Garcia Luque, Agustin"]
[Black "Eisen, Lewis"]
[Result "1/2-1/2"]
[WhiteElo "2406"]
[BlackElo "2242"]
[PlyCount "49"]
[EventDate "2003.01.18"]
[EventType "swiss"]
[EventRounds "9"]
[EventCountry "ESP"]
[Source "lmi"]
[SourceDate "2003.01.10"]

1. e4 c5 2. Nf3 e6 3. d3 Nc6 4. g3 Bd6 5. Bg2 Bc7 6. O-O Nge7 7. c3 d6 8. d4
cxd4 9. cxd4 e5 10. d5 Nb8 11. Na3 O-O 12. Be3 Bb6 13. Bxb6 Qxb6 14. Nc4 Qa6
15. Qb3 b5 16. Na3 Bd7 17. Rfc1 Qa5 18. Bf1 a6 19. Ne1 Ra7 20. Nd3 Kh8 21. Qb4
Qxb4 22. Nxb4 f5 23. f3 fxe4 24. fxe4 Be8 25. Rc2 1/2-1/2

[Event "28. Abierto Ciudad de Sevilla"]
[Site "Sevilla ESP"]
[Date "2003.01.18"]
[Round "9"]
[White "Happel, Hendrik A"]
[Black "Teran Alvarez, Ismael"]
[Result "1/2-1/2"]
[WhiteElo "2251"]
[BlackElo "2404"]
[PlyCount "34"]
[EventDate "2003.01.18"]
[EventType "swiss"]
[EventRounds "9"]
[EventCountry "ESP"]
[Source "lmi"]
[SourceDate "2003.01.10"]

1. d4 f5 2. Nf3 Nf6 3. g3 g6 4. Bg2 Bg7 5. O-O O-O 6. c4 d6 7. Nc3 Qe8 8. d5
Na6 9. Rb1 Nc5 10. b4 Nfe4 11. Nb5 Na6 12. Ng5 Nxg5 13. Bxg5 Bd7 14. Nd4 h6 15.
Be3 Rb8 16. Qd2 Kh7 17. Rfc1 c5 1/2-1/2

[Event "28. Abierto Ciudad de Sevilla"]
[Site "Sevilla ESP"]
[Date "2003.01.18"]
[Round "9"]
[White "Bick, John D"]
[Black "Barrera Martinez, Francisco"]
[Result "1/2-1/2"]
[WhiteElo "2296"]
[BlackElo "2101"]
[PlyCount "75"]
[EventDate "2003.01.18"]
[EventType "swiss"]
[EventRounds "9"]
[EventCountry "ESP"]
[Source "lmi"]
[SourceDate "2003.01.10"]

1. d4 Nf6 2. c4 e6 3. Nc3 d5 4. cxd5 exd5 5. Bg5 c6 6. e3 Be7 7. Bd3 Nbd7 8.
Qc2 Nf8 9. Nf3 Ne6 10. Bxf6 Bxf6 11. O-O g6 12. b4 a6 13. a4 O-O 14. Nd2 Qd6
15. Rfb1 Bd7 16. a5 Rae8 17. Na4 Bd8 18. Nc5 Bc8 19. Nf3 Bc7 20. Nxe6 Bxe6 21.
Qc5 Qd7 22. Rc1 Bd6 23. Qc3 Qe7 24. Rab1 Bg4 25. Nd2 f5 26. Nf1 f4 27. f3 Bd7
28. e4 dxe4 29. Bxe4 Bf5 30. Nd2 Qf6 31. Re1 Bb8 32. Bxf5 gxf5 33. Nb3 Rxe1+
34. Rxe1 Ba7 35. Kf1 Rd8 36. Qc4+ Qf7 37. Qc3 Qf6 38. Qc4+ 1/2-1/2

[Event "28. Abierto Ciudad de Sevilla"]
[Site "Sevilla ESP"]
[Date "2003.01.18"]
[Round "9"]
[White "Perez Garcia, Roberto"]
[Black "Marchand, Francois"]
[Result "0-1"]
[WhiteElo "2098"]
[BlackElo "2280"]
[PlyCount "80"]
[EventDate "2003.01.18"]
[EventType "swiss"]
[EventRounds "9"]
[EventCountry "ESP"]
[Source "lmi"]
[SourceDate "2003.01.10"]

1. e4 c6 2. d4 d5 3. f3 e6 4. Be3 dxe4 5. Nd2 exf3 6. Ngxf3 Nf6 7. Bd3 Be7 8.
O-O Nbd7 9. Ne5 Nxe5 10. dxe5 Nd5 11. Bf2 Qc7 12. Qh5 Nf4 13. Qf3 Nxd3 14. Bd4
Bc5 15. Qxd3 Qxe5 16. c3 O-O 17. Nf3 Bxd4+ 18. cxd4 Qd5 19. Rae1 f6 20. Re4 e5
21. Rh4 e4 22. Qxe4 Qxe4 23. Rxe4 Bd7 24. Re7 Rad8 25. Rd1 Rfe8 26. Rxe8+ Bxe8
27. Kf2 Bh5 28. Ke3 c5 29. Rd3 Bxf3 30. gxf3 cxd4+ 31. Rxd4 Rxd4 32. Kxd4 Kf7
33. Kd5 f5 34. Ke5 g6 35. f4 Ke7 36. h3 Kf7 37. a3 Ke7 38. b3 Kf7 39. Kd5 Kf6
40. h4 h6 0-1

[Event "28. Abierto Ciudad de Sevilla"]
[Site "Sevilla ESP"]
[Date "2003.01.18"]
[Round "9"]
[White "Peña Dieguez, Manuel"]
[Black "Prakken, Gerrit"]
[Result "1/2-1/2"]
[WhiteElo "2084"]
[BlackElo "2278"]
[PlyCount "126"]
[EventDate "2003.01.18"]
[EventType "swiss"]
[EventRounds "9"]
[EventCountry "ESP"]
[Source "lmi"]
[SourceDate "2003.01.10"]

1. d4 d5 2. Nf3 c6 3. c4 e6 4. cxd5 exd5 5. Nc3 Bf5 6. Qb3 Qb6 7. Qxb6 axb6 8.
e3 Nf6 9. Be2 Nbd7 10. O-O Be7 11. Rd1 O-O 12. Ne1 b5 13. Bd3 Be6 14. Ne2 Nb6
15. b3 Ra7 16. Bb2 Rfa8 17. Nc1 Ne4 18. f3 Nd6 19. Nc2 Bf5 20. Bc3 Bxd3 21.
Rxd3 Re8 22. Kf2 f5 23. Rd1 Nd7 24. Nb4 Nf7 25. Nbd3 Bh4+ 26. g3 Bg5 27. Re1
Be7 28. Rb1 Bf8 29. Rb2 Nd6 30. Rc2 g5 31. Kg2 g4 32. f4 Ne4 33. Bb4 Bg7 34.
Ree2 Raa8 35. Nc5 Ndxc5 36. Bxc5 Re6 37. Nd3 h5 38. Bb6 h4 39. Nc5 Nxc5 40.
Bxc5 hxg3 41. hxg3 Bf8 42. Bxf8 Kxf8 43. Rc1 Rh6 44. Rh1 Kg7 45. Rxh6 Kxh6 46.
Kf1 b4 47. Ke1 Kg6 48. Rh2 Re8 49. Kd2 b6 50. Ke2 c5 51. Kd3 Rc8 52. Rc2 Kf6
53. Rc1 Ke6 54. Rh1 c4+ 55. Kd2 Ra8 56. Rh6+ Kd7 57. Rxb6 Rxa2+ 58. Kd1 Ra1+
59. Kc2 cxb3+ 60. Kxb3 Rb1+ 61. Ka4 Re1 62. Rf6 Rxe3 63. Kxb4 Rxg3 1/2-1/2

[Event "28. Abierto Ciudad de Sevilla"]
[Site "Sevilla ESP"]
[Date "2003.01.18"]
[Round "9"]
[White "Ruan, Lufei"]
[Black "Ramirez Guerrero, Enrique"]
[Result "1-0"]
[WhiteElo "2246"]
[BlackElo "2078"]
[PlyCount "91"]
[EventDate "2003.01.18"]
[EventType "swiss"]
[EventRounds "9"]
[EventCountry "ESP"]
[Source "lmi"]
[SourceDate "2003.01.10"]

1. e4 e6 2. d4 d5 3. Nc3 dxe4 4. Nxe4 Bd7 5. Nf3 Bc6 6. Bd3 Nd7 7. O-O Ngf6 8.
Nxf6+ Qxf6 9. Be2 Be4 10. Ng5 Bg6 11. Bf3 O-O-O 12. c3 Nc5 13. b4 Nd3 14. Ne4
Bxe4 15. Bxe4 Nxc1 16. Rxc1 Bd6 17. g3 h5 18. Qa4 h4 19. Qxa7 hxg3 20. Qxb7+
Kd7 21. fxg3 Qh6 22. Qb5+ Ke7 23. Qe2 Qg5 24. Rce1 Rh6 25. Qf2 Rf8 26. a4 Rh3
27. Re2 Kd8 28. Qe3 Qh5 29. Bf3 Qg6 30. Qe4 Qg5 31. Bg2 Rxh2 32. Qa8+ Ke7 33.
Rxe6+ Kxe6 34. Re1+ Kf6 35. Qf3+ Kg6 36. Kxh2 Rh8+ 37. Bh3 Rh5 38. Kg2 Kh7 39.
Bg4 Rh6 40. Qf5+ Qxf5 41. Bxf5+ g6 42. Bd7 Rh5 43. a5 Rg5 44. Re3 f5 45. a6 f4
46. Rf3 1-0

[Event "28. Abierto Ciudad de Sevilla"]
[Site "Sevilla ESP"]
[Date "2003.01.18"]
[Round "9"]
[White "Zhou, Wile"]
[Black "Zhao, Jun"]
[Result "1-0"]
[WhiteElo "2353"]
[BlackElo "2421"]
[PlyCount "52"]
[EventDate "2003.01.18"]
[EventType "swiss"]
[EventRounds "9"]
[EventCountry "ESP"]
[Source "lmi"]
[SourceDate "2003.01.10"]

1. Nf3 c5 2. e4 e6 3. c3 d5 4. exd5 Qxd5 5. d4 Nf6 6. Be3 cxd4 7. Nxd4 Nc6 8.
Be2 Nxd4 9. cxd4 Qxg2 10. Bf3 Qh3 11. Nc3 Bd7 12. Rg1 Qxh2 13. Kf1 Qd6 14. Rg5
h6 15. Re5 Qb8 16. Qb3 Bd6 17. Bxb7 O-O 18. Rd1 a5 19. Bxa8 Qxa8 20. Qb6 Bxe5
21. dxe5 Qh1+ 22. Ke2 Qh5+ 23. Kf1 Nd5 24. Qd4 Nxc3 25. bxc3 Bb5+ 26. Kg1 Be2
1-0